书目信息 |
| 题名: |
工程制图
|
|
| 作者: | 李广军 , 张生坦 主编 | |
| 分册: | ||
| 出版信息: | 北京 北京邮电大学出版社 2019.12 |
|
| 页数: | 254页 | |
| 开本: | 26cm | |
| 丛书名: | ||
| 单 册: | ||
| 中图分类: | TB23 | |
| 科图分类: | ||
| 主题词: | 工程制图--gong cheng zhi tu--高等学校--教材 | |
| 电子资源: | ||
| ISBN: | 978-7-5635-5912-1 | |
| 000 | 00904nam0 2200265 450 | |
| 001 | 202020141145 | |
| 005 | 20200926181358.0 | |
| 010 | @a978-7-5635-5912-1@dCNY49.00 | |
| 100 | @a20200919d2019 em y0chiy50 ea | |
| 101 | 0 | @achi |
| 102 | @aCN@b110000 | |
| 105 | @aak a 000yy | |
| 106 | @ar | |
| 200 | 1 | @a工程制图@Agong cheng zhi tu@f主编李广军, 张生坦 |
| 210 | @a北京@c北京邮电大学出版社@d2019.12 | |
| 215 | @a254页@c图@d26cm | |
| 320 | @a有书目 (第254页) | |
| 330 | @a本书分九章, 主要内容有: 制图基本知识、计算机绘图基础、正投影基础、组合体、轴测图、图样的基本表示法、标准件和常用件、零件图和装配图等。 | |
| 333 | @a普通高等教育“十三五”数字化规划教材 | |
| 606 | 0 | @a工程制图@Agong cheng zhi tu@x高等学校@j教材 |
| 690 | @aTB23@v5 | |
| 701 | 0 | @a李广军@Ali guang jun@4主编 |
| 701 | 0 | @a张生坦@Azhang sheng tan@4主编 |
| 801 | 0 | @aCN@c20200310 |
| 905 | @a河南城建学院图书馆@dTB23@eL162 | |
| 工程制图/主编李广军, 张生坦.-北京:北京邮电大学出版社,2019.12 |
| 254页:图;26cm |
| 使用对象:普通高等教育“十三五”数字化规划教材 |
| ISBN 978-7-5635-5912-1:CNY49.00 |
| 本书分九章, 主要内容有: 制图基本知识、计算机绘图基础、正投影基础、组合体、轴测图、图样的基本表示法、标准件和常用件、零件图和装配图等。 |
| ● |
| 相关链接 |
|
|
|
正题名:工程制图
索取号:TB23/L162
 
预约/预借
| 序号 | 登录号 | 条形码 | 馆藏地/架位号 | 状态 | 备注 |
| 1 | 1491283 | 214912834 | 自科库501/501自科库 6排1列1层/ [索取号:TB23/L162] | 在馆 |